| 000 | 00449nam a2200133 4500 | ||
|---|---|---|---|
| 999 |
_c13361 _d13361 |
||
| 008 | 190307b ||||| |||| 00| 0 eng d | ||
| 082 | _aDPer 050 T48 Apr-June 2016 v. 187, n. 12-24. | ||
| 100 |
_aZachareck, Stephanie. _927715 |
||
| 245 |
_aSing street honors the DIY spirit/ _cStephanie Zachareck. |
||
| 260 |
_aHong Kong: _bTime Asia, _cc2016. |
||
| 300 |
_av187 n15, page 45: _billustrations; _c27 cm. |
||
| 650 |
_aMusic. _937325 |
||
| 942 |
_2ddc _cPER |
||